01426nam a22002177a 450000500170000000800410001704000270005804100080008504400070009308200160010011000480011624501010016425000270026526000550029230000170034750505370036452002040090165000330110565000390113865000310117720180803170445.0180405b ck ||||| |||| 00| 0 spa d aCO-BoIAVH cCO-BoIAVH  aspa ack a711.4bU68p10aUnidad de Planeación Minero Energética 10aPlan nacional de ordenamiento minero PNOM: bprincipios, lineamientos y acciones estratégicas  aEditorial Kimpres Ltda aBogotá:bMinisterio de Minas y Energía,c2014. a55 páginas aParte I. Introducción, retos y principios para el ordenamiento minero. - Parte ii. Lineamientos y acciones para el ordenamiento minero. - Problemas de coordinación interinstitucional y de licenciamiento. - Problemas de organización de la industria y de su regulación. - Fortalecer lo sistemas de información para la toma de decisiones y la prevención de conflictos, que se generan por ausencia de información pública. Los sistemas de formación y de innovación. - Parte III. - Resolución UPME No. 256 del 2014. aEn este trabajo se identificaron los conflictos o problemas que enfrenta la industria minera y, en consecuencia, se realizan propuestas con el fin de lograr su aprovechamiento ordenado y responsable.14aIndustría minerazColombia14aPlanes de conservaciónzColombia14aResolución de conflictos